Farmakologické možnosti ovlivnění postoperační nauzey a zvracení po operacích ve středouší z pohledu anesteziologa

Bibliographic Details
Main Authors: Dlouhá, Jarmila (Author), Marek, O. (Author), Klačanský, Juraj, 1950- (Author), Fiala, H. (Author)
Format: Article
Language:Slovak
Czech
PhysicalDescription:Tab.
ISSN:1210-0447
Subjects:

MARC

LEADER 00000nab a2200000 a 4500
001 vtls000773065
003 SK-MaSNL
005 20260304105723.0
008 250429c2001 xo 0 slo
015 |a SNBRB2001/11-32150 
035 |a CLN000124852 
035 |a urn:nbn:sk:snk-abmqn 
035 |a (urnnbn)urn:nbn:sk:snk:ar-a05a7a 
035 |a (uuid)4f6a9e97-a445-404e-bea2-3b4142adc256 
040 |a SNKBUCL  |b slo  |c SNKBUCL  |e AACR2 
041 0 |a cze 
044 |a xo  |c SK 
080 |a 616.284-089.5:616.33-008.3  |2 1997 
080 |a 616.33-008.3:616.284-089.5  |2 1997 
080 |a 615.243  |2 1997 
245 0 0 |a Farmakologické možnosti ovlivnění postoperační nauzey a zvracení po operacích ve středouší z pohledu anesteziologa  |c J. Dlouhá ... [et al.] 
300 |b Tab. 
504 |a Res. angl., čes. 
504 |a Bibliogr. odkazy 
650 0 7 |a stredné ucho  |2 snkbucl  |9 50822 
650 0 7 |a nauzea  |2 snkbucl  |9 1299414 
650 0 7 |a vracanie  |2 snkbucl  |9 1299410 
650 0 7 |a antiemetiká  |2 snkbucl  |9 15811 
655 7 |a články z novín a časopisov  |2 snkbucl  |9 267496 
700 1 |a Dlouhá, Jarmila  |4 aut  |9 1392852 
700 1 |a Marek, O.  |4 aut  |9 510734 
700 1 |a Klačanský, Juraj,  |d 1950-  |4 aut  |9 26709 
700 1 |a Fiala, H.  |4 aut  |9 1392854 
773 0 |t Choroby hlavy a krku  |g Roč. 10, č. 2 (2001), s. 13-15  |x 1210-0447 
850 |a Slovenská národná knižnica 
852 |a Slovenská národná knižnica 
954 |a odborná, vedecká literatúra cudzojazyčná (svetová)  |2 lita 
958 |a article27 
958 |a MI 
958 |a NB 
958 |a OND 
958 |a EUIPO 
992 |a RBX 
999 |c 2856813  |d 2858743